Saṃakṛta sāhitya kā itihāsa. (Record no. 60833)

MARC details
000 -LEADER
fixed length control field 00623cam a22002411 4500
001 - CONTROL NUMBER
control field sa 64008387
003 - CONTROL NUMBER IDENTIFIER
control field DLC
005 - DATE AND TIME OF LATEST TRANSACTION
control field 20260227112054.0
008 - FIXED-LENGTH DATA ELEMENTS--GENERAL INFORMATION
fixed length control field 890227s1960 xx 000 0 hin
010 ## - LIBRARY OF CONGRESS CONTROL NUMBER
LC control number sa 64008387
035 ## - SYSTEM CONTROL NUMBER
System control number (OCoLC)23558039
040 ## - CATALOGING SOURCE
Original cataloging agency DLC
Transcribing agency MiU
Modifying agency DLC
042 ## - AUTHENTICATION CODE
Authentication code premarc
050 00 - LIBRARY OF CONGRESS CALL NUMBER
Classification number PK2903
Item number .G3
100 1# - MAIN ENTRY--PERSONAL NAME
Personal name Gairolā, Vācaspati.
245 10 - TITLE STATEMENT
Title Saṃakṛta sāhitya kā itihāsa.
260 ## - PUBLICATION, DISTRIBUTION, ETC.
Date of publication, distribution, etc. [1960]
300 ## - PHYSICAL DESCRIPTION
Extent 2, 38, 10, 1057 p.
Dimensions 24 cm.
490 0# - SERIES STATEMENT
Series statement #
500 ## - GENERAL NOTE
General note In Hindi.
504 ## - BIBLIOGRAPHY, ETC. NOTE
Bibliography, etc. note Bibliographical footnotes.
650 #0 - SUBJECT ADDED ENTRY--TOPICAL TERM
Topical term or geographic name entry element Sanskrit literature
General subdivision History and criticism

No items available.

Powered by Koha